000 00542ntaaa2200193 4500
003 01
005 20251027202621.0
008 0714s1973 ag 01
040 _aAR-BaBN
_bspa
_cAR-BaBN
_eaacr
_dRIC
082 _a370.1900 EL1
245 _aEducational requirements for the 1970's
250 _a1 ed.
260 _aNew York :
_bFrederick A Praeger,
_cc1967
300 _a266 p
500 _aEstudio de la educación necesaria para la década de 1970
700 _aElam, Stanley
_925459
700 _aMcLure, William P
_925460
942 _cBK
999 _c21305
_d21305